000 01151nam a2200313 c 4500
003 BLK
005 20180422103811.0
008 180408b bul|||||r ||||||| ||bul||
010 _aKNG00083803000
020 _a978-954-733-541-7
_bиздат.: Прозорец
040 _aBLK
041 _aBUL
_cBUL
080 _aИспанска литература
_b821.134.2
_x-31
_z821.134.2-31
100 1 _aЛиндо, Елвира
_eпърви автор
_9299126
700 1 _aТакова, Тамара Йорданова
_eпрев. от исп.
_9371513
139 _aЛиндо, Елвира
_bЛ 63
245 1 0 _aЕдна твоя дума
_bРоман
_cЕлвира Линдо; прев. от исп. Тамара Йорданова Такова.
257 _aSPA
260 София
_bПрозорец
_c2007
_fСофия : Инвестпрес
300 _a221 с.
_c20 см
380 _aX
490 1 _aScripta Moderna
500 _aОриг. загл. Una palabra tuya / Elvira Lindo
852 _aЦб 239987
856 4 _qpdf
_u
856 4 _qpdf
_u
942 _cKNG
_n0
944 _aCR
_c19.05.2008
_kПенка_Димитрова
944 _aED
_c11.11.2008
_k
999 _c79329
_d79329